01788agaaa2200289 45000010005000000030009000050050017000140070009000310080040000400400023000800410013001031000048001161300015001642450175001792500022003542600088003763000033004645080194004975110083006915200459007745380016012335460013012496500056012627000058013187000060013767000062014368398IT-RoPAU20220918181247.0d cvaizq50131s9999||||xx ||| | || ||und|| aIT-RoPAUcIT-RoPAU aITALIANO aVisconti LuchinogCodice regista SPICS: 626 aOSSESSIONE aOSSESSIONEcSceneggiatura: Visconti Luchino Alicata Mario De Santis Giuseppe Puccini G. -- Diretto da: Visconti LuchinopOSSESSIONE (Rif. Codice opera principale : 48398) aEdizione Standard a(ITALIA)bICI / Distribuzione: RAIg"1942 (1° ed.: 1987 ; Ed. Lingua Orig.: 1942)" aVHSbsonoro, b&wc135 minuti a"Fotografia: Tonti A. Scala D.; Montaggio: Serandrei Mario; Musica: Rosati Giuseppe; Sceneggiatura: Visconti Luchino Alicata Mario De Santis Giuseppe Puccini G.; Scenografia: Franzi Gino; " a"Calamai Clara; Girotti Massimo; Cristiani Dhia; Marcuzzo Elio; Duse Vittorio" aNELLA VALLE DEL PO VIVE UN CECCHIO OSTE CHE HA SPOSATO UNA DONNA MOLTO PIU' GIOVANE DI LUI QUANDO PASSA DI LA' UN VAGABONDO LA RAGAZZA DIVENTA LA SUAAMANTE E GLI CHIEDE DI UCCIDERE IL MARITO DAPPRIMA L'UOMO RIFIUTA E FUGGE,MA POI RINCONTRATA PER CASO LA COPPIA ACCETTA I DUE AMANTI CONSUMATO IL DELITTO PRENDONO A VIVERE NELL'OSTERIA COME MARITO E MOGLIE MA IL RIMORSO E ISOSPETTI INCRINERANNO LA LORO UNIONE E IL DESTINO LI PUNIRA' FILM IN BIANCO E NERO aPAL, STEREO aITALIANO aDRAMMATICOeFILMS [VHS]xCodice MATERIA SPICS: 9960 aRosati Giuseppee(musica)gCodice Musica SPICS: 32313 aVisconti Luchino e(regista)gCodice regista SPICS: 626 aVisconti Luchino e(soggetto)gCodice Soggetto SPICS: 626